| 000 | 00718nam a2200205Ia 4500 | ||
|---|---|---|---|
| 005 | 20260114154957.0 | ||
| 008 | 008 250103s9999 xx 000 0 eng d | ||
| 037 | _aTheses | ||
| 040 |
_aCRL _beng _cCRL |
||
| 041 |
_aeng _2eng |
||
| 084 | _qCRL | ||
| 100 |
_aNegi Geeta Au. _9869205 |
||
| 245 | 0 | _aDevelopment of Structural Equation Modeling for Selected Precursors as Mediating Effect on Sports Performance Among Volleyball Players | |
| 260 |
_aDelhi _bUniversity of Delhi. Faculty of Inter-Disciplinary&Applied Science. Deptt. of Physical Education & Sports Science _c2024 |
||
| 300 | _a279p. | ||
| 650 |
_aSports _9869206 |
||
| 700 |
_a Sharma Lalit Gu. _9869207 |
||
| 942 | _cTH | ||
| 999 |
_c1469445 _d1469445 |
||